Statistics for True or False History

Click here to take the quiz!

General Stats

  • This quiz has been taken 465 times
  • The average score is 9 of 15

Answer Stats

QuestionAnswer% Correct
Madagascar was the first communist countryFalse
89%
Italian cities Bologna and Modena once fought a war over a wooden bucketTrue
87%
To this day no one knows where Genghis Khan's body is restingTrue
84%
In old Ireland if someone killed your family member you could legally enslave themTrue
77%
There was a two day period were all drugs were legal in Ireland due to a constitutional violationTrue
76%
The pilgrims landed in MassachusettsTrue
75%
Franklin D. Roosevelt served the US as president for a total of five terms before he died due to polio diseaseFalse
69%
Christopher Columbus never set foot on America proper, only Puerto RicoTrue
66%
John F. Kennedy fought against Japan during WW2True
63%
Franz Ferdinand's original assassination attempt failed, only for him to accidentally be found less than an hour later by one of the assassins at a cafe and shot then.True
56%
North Carolina was the first state to separate from the US before the Civil WarFalse
49%
The Spanish flue actually originated in Eastern PortugalFalse
41%
Liberia was originally colonized by the Portuguese in the 1700s but gave up on the colony due to heavy resistance by the nativesFalse
40%
Quentin Tarantino's film Inglorious Bastards is based on a true storyFalse
38%
France used to have a completely white flagTrue
37%

Score Distribution

Percentile by Number Answered

Percent of People with Each Score

Your Score History

You have not taken this quiz